| 000 | 00736nam a22001937a 4500 | ||
|---|---|---|---|
| 003 | 0 | ||
| 005 | 20251114110137.0 | ||
| 008 | 251114b xxu||||| |||| 00| 0 eng d | ||
| 020 | _a978-1-907176-02-9 | ||
| 050 |
_aHN 28 _b.E34 2010 |
||
| 245 |
_a80s : decades of our lives : _bclassic, rare and unseen / |
||
| 260 |
_aHertfordshire : _bTransatlantic Press, _c2010. |
||
| 300 |
_a383 pages : _bcolored illustrations ; _c17 cm. |
||
| 650 |
_aGreat Britain _xSocial life and customs _y20th century _vPictorial works. |
||
| 650 |
_aNineteen eighties _xPictorial works. |
||
| 650 |
_aPopular culture _zGreat Britain _xHistory _y20th century _vPictorial works. |
||
| 650 |
_aGreat Britain _xHistory _y1979–1997 _vPictorial works. |
||
| 942 |
_2lcc _cBK |
||
| 999 |
_c368640 _d368640 |
||